LEADER 01368nam--2200385---450- 001 990005941470203316 005 20140701090850.0 010 $a88-87248-11-7 035 $a000594147 035 $aUSA01000594147 035 $a(ALEPH)000594147USA01 035 $a000594147 100 $a20140403d2000----km-y0itay50------ba 101 $aita 102 $aIT 105 $a||||||||001yy 200 1 $aDal testo alla scena$eatti del Convegno di studi (Napoli, 22-24 aprile 1999): Drammaturgia e spettacolarità nel teatro iberico dei secoli d'oro$fa cura di Giovanni Battista De Cesare 210 $aSalerno$cEdizioni del Paguro$d2000 215 $a319 p.$d24 cm 300 $aIn testa al front.: Istituto universitario orientale, Dipartimento di studi letterari e linguistici dell'Occidente, Sezione di studi europei, Napoli. 410 0$12001 454 1$12001 461 1$1001-------$12001 606 $aTeatro spagnolo$xAtti di condressi$zSec. 16.-17. 676 $a862.309 712 01$aIstituto universitario orientale$bSezione di studi europei$c 801 0$aIT$bsalbc$gISBD 912 $a990005941470203316 951 $aII.5.E.59$b275 DIPSUM 959 $aBK 969 $aDSLL 979 $aMARANO$b90$c20140403$lUSA01$h0948 979 $aMARANO$b90$c20140701$lUSA01$h0908 996 $aDal testo alla scena$91072738 997 $aUNISA LEADER 01070nam a22002531i 4500 001 991003939649707536 005 20040731111003.0 008 040802s19uu be |||||||||||||||||fre 035 $ab13150066-39ule_inst 035 $aARCHE-110267$9ExL 040 $aBiblioteca Interfacoltà$bita$cA.t.i. Arché s.c.r.l. Pandora Sicilia s.r.l. 082 04$a842.309 100 1 $aLebegue, Raymond$0188683 245 13$aLa tragédie française de la Renaissance /$cRaymond Lebègue 260 $aBruxelles :$bOffice de Publicité ;$aParis :$bSociété d'édition d'enseignement supérieur,$c[19..] 300 $a120 p. ;$c19 cm 440 0$aCollections Lebègue & Nationale 650 4$aLetteratura drammatica francese$ySec. 14.-16. 907 $a.b13150066$b02-04-14$c05-08-04 912 $a991003939649707536 945 $aLE002 Fondo Giudici L 1168$g1$i2002000338846$lle002$nC. 1$o-$pE0.00$q-$rn$so $t0$u0$v0$w0$x0$y.i13788140$z05-08-04 996 $aTragédie française de la Renaissance$9310759 997 $aUNISALENTO 998 $ale002$b05-08-04$cm$da $e-$ffre$gbe $h3$i1